000 00964nam a2200265 a 4500
001 000020955
005 20260114102846.0
008 100824s1975 mx r 001 0 spa d
040 _aDO-SdBNP
_bspa
_cBNPHU
041 1 7 _aspa
_heng
_2Código de idioma MARC
082 _a150
_bH656m
100 1 _aHilts, Philip J.,
_943888
240 1 0 _aBehavior mod.
_lEspañol.
245 1 0 _aModificación de la conducta / :
_bPhilip J. Hilts ; traducción por Antonio Ribera y José Manuel Balaguer.
260 _aMéxico :
_bLogos Consorcio,
_c1975.
300 _a209 p. ;
_c23 cm.
504 _aIncluye referencias bibliográficas y notas al pie de las páginas.
534 _pTítulo original en inglés:
_tBehavior mod.
_cNew York : Harper & Row, 1974
500 _aIncluye índice
650 0 _aPsicología
_9152
650 0 _aConducta (Psicología)
_9673
700 1 _aRibera, Antonio,
_etr.
_912503
700 1 _aBalaguer, José Manuel,
_etr.
_910618
049 _aBNGR
999 _c20458
_d20458